Statistics for World's Tallest Building Progression from 1901 - Present

Click here to take the quiz!

General Stats

  • This quiz has been taken 58 times
  • The average score is 7 of 12

Answer Stats

Years as the TallestHeightCityAnswer% Correct
1931-1972381mNew YorkEmpire State Building
98%
1972–1974417mNew YorkWorld Trade Center
91%
2010-Present828mDubaiBurj Khalifa
89%
1998-2004451.9mKuala LumpurPetronas Towers
89%
1974-1998442mChicagoSears Tower
87%
1930-1931318.3mNew YorkChrysler Building
81%
2004-2010509.2mTaipeiTaipei 101
77%
1908-1909186.57mNew YorkSinger Building
21%
1913–1930241.4mNew YorkWoolworth Building
19%
1901-1908167mPhiladelphiaPhiladelphia City Hall
15%
1909-1913213.36mNew YorkMetropolitan Life Tower
13%
1930283mNew YorkBank of Manhattan Trust Building
9%

Score Distribution

Percentile by Number Answered

Percent of People with Each Score

Your Score History

You have not taken this quiz